| 000 | 00493nam a2200169Ia 4500 | ||
|---|---|---|---|
| 003 | GCL | ||
| 008 | 140319s9999 xx 000 0 ara d | ||
| 040 |
_aGCL / _cGCL |
||
| 082 | 0 | 4 |
_a531 _bج م |
| 100 | 1 | _aج.ل. ميريام | |
| 245 | 1 | 0 |
_aالميكانيكا الهندسية : الاستاتيكا / _cج.ل. ميريام |
| 260 |
_a[S.N] : _bدار جون وايلى وابنائة ، _c1982 |
||
| 300 | _a401 ص | ||
| 490 | _a | ||
| 650 | 0 | 4 | _aالاستاتيكا |
| 942 |
_2ddc _cBK |
||
| 999 |
_c52243 _d52243 |
||